| 000 | 01015nam a22002175i 4500 | ||
|---|---|---|---|
| 001 | 165900 | ||
| 003 | ES-MaACL | ||
| 005 | 20230906213227.0 | ||
| 008 | 040920s1895 xxkab |||| | eng d | ||
| 040 |
_aCAM _bspa _cCAM |
||
| 245 | 0 | 0 |
_aSummaries of statistics relating to the mines and minerals of the United Kingdom of Great Britain and Ireland, with the Isle of Man _b: obtained by her Majesty's Inspectors of Mines... : year 1894. |
| 260 |
_aLondon : _bEyre and Spottiswoode, _c1895. |
||
| 300 |
_a19 p., [2] h. map. ; _c33 cm. |
||
| 490 | 1 | _aMines and minerals | |
| 650 | 0 | 4 |
_aIndustria minera- _zGran BretaƱa. _9136269 |
| 650 | 0 | 4 |
_aIndustria minera- _zIrlanda. _9136270 |
| 830 | 0 |
_aMines and minerals _9188212 |
|
| 852 |
_aES-MaACL _jC-11153(6) _z-- Enc. tela con esc. real en hierros dorados _z-- An. ms. y sello : "with the compliments of [sello] C. Le Neve Foster, 21 mar 95, Llandudno." |
||
| 852 |
_aES-MaACL _jC-11153(7) _z-- Enc. tela con esc. real en hierros dorados |
||
| 999 |
_c165900 _d165900 |
||